Vývoj vnějších ekonomických vztahů České republiky a vliv ekonomické diplomacie
Makroekonomická stránka vývoja vonkajších ekonomických vzťahov Českej republiky v čase krízy. Vývoj bilaterálnych a multilaterálnych ekonomických vzťahov Českej republiky. Zahraničná rozvojová spolupráca.
Gespeichert in:
| 1. Verfasser: | |
|---|---|
| Format: | Buchkapitel |
| Sprache: | Tschechisch |
| Schlagworte: | |
| Tags: |
Keine Tags, Fügen Sie das erste Tag hinzu!
|
MARC
| LEADER | 00000naa a2200000 4500 | ||
|---|---|---|---|
| 001 | 0168618 | ||
| 005 | 20220713131355.3 | ||
| 041 | 0 | |a cze | |
| 044 | |a CZ | ||
| 245 | 1 | 0 | |a Vývoj vnějších ekonomických vztahů České republiky a vliv ekonomické diplomacie |c Adam Krčál |
| 520 | |a Makroekonomická stránka vývoja vonkajších ekonomických vzťahov Českej republiky v čase krízy. Vývoj bilaterálnych a multilaterálnych ekonomických vzťahov Českej republiky. Zahraničná rozvojová spolupráca. | ||
| 610 | 2 | 0 | |a obchod zahraničný |
| 610 | 2 | 0 | |a diplomacia hospodárska |
| 610 | 2 | 0 | |a Česko |
| 610 | 2 | 0 | |a vzťahy bilaterálne |
| 610 | 2 | 0 | |a vzťahy hospodárske vonkajšie |
| 100 | 1 | |a Krčál, Adam | |